书目信息 |
| 题名: |
厚德盛才, 格物致知
|
|
| 作者: | 蒋宁, 著 | |
| 分册: | ||
| 出版信息: | 北京 北京工业大学出版社 2019 |
|
| 页数: | 238页 | |
| 开本: | 24cm | |
| 丛书名: | ||
| 单 册: | ||
| 中图分类: | G649.299 | |
| 科图分类: | ||
| 主题词: | 书院--shu yuan--教育史--中国 | |
| 电子资源: | ||
| ISBN: | 978-7-5639-6256-3 | |
| 000 | 01348nam0 2200301 450 | |
| 001 | 012001002787 | |
| 005 | 20131031081415.0 | |
| 010 | @a978-7-5639-6256-3@dCNY42.00 | |
| 099 | @aCAL 012019086790 | |
| 100 | @a20190704d2019 em y0chiy50 ea | |
| 101 | 0 | @achi |
| 102 | @aCN@b110000 | |
| 105 | @ay a 000yy | |
| 106 | @ar | |
| 200 | 1 | @a厚德盛才, 格物致知@Ahou de sheng cai, ge wu zhi zhi@e中国书院规制与教学特点探微@f蒋宁著 |
| 210 | @a北京@c北京工业大学出版社@d2019 | |
| 215 | @a238页@d24cm | |
| 300 | @a渭南师范学院科研项目: 中国教育博物馆建议内容研究, 编号201117203 | |
| 306 | @a本书由渭南师范学院专著出版基金予以资助出版 | |
| 314 | @a蒋宁, 1972年生, 女, 陕西渭南人, 会计学专业硕士研究生, 高级会计师。 | |
| 320 | @a有书目 (第237-238页) | |
| 330 | @a本书梳理了书院的起源, 研究了宋代书院的发展和勃兴, 分析了元代书院的官学化, 探索了明代书院的新发展, 研究了清代书院的衰落和改学堂, 分析了当代书院发展概况, 重点研究了书院的组织架构、课程设置、学规、讲会制度等方面内容, 总结归纳了书院教学特点, 包括学术研究与教学相结合、百家争鸣、门户开放等。 | |
| 517 | 1 | @a中国书院规制与教学特点探微@Azhong guo shu yuan gui zhi yu jiao xue te dian tan wei |
| 606 | 0 | @a书院@Ashu yuan@x教育史@y中国 |
| 690 | @aG649.299@v5 | |
| 701 | 0 | @a蒋宁,@Ajiang ning@f1972-@4著 |
| 801 | 0 | @aCN@b江苏凤凰@c20191020 |
| 905 | @b1230628-31@dG649.299@e1426@f4 | |
| 厚德盛才, 格物致知:中国书院规制与教学特点探微/蒋宁著.-北京:北京工业大学出版社,2019 |
| 238页;24cm |
| 渭南师范学院科研项目: 中国教育博物馆建议内容研究, 编号201117203 |
| ISBN 978-7-5639-6256-3:CNY42.00 |
| 本书梳理了书院的起源, 研究了宋代书院的发展和勃兴, 分析了元代书院的官学化, 探索了明代书院的新发展, 研究了清代书院的衰落和改学堂, 分析了当代书院发展概况, 重点研究了书院的组织架构、课程设置、学规、讲会制度等方面内容, 总结归纳了书院教学特点, 包括学术研究与教学相结合、百家争鸣、门户开放等。 |
| ● |
| 相关链接 |
|
|
|
|
正题名:厚德盛才, 格物致知
索取号:G649.299/1426
 
预约/预借
| 序号 | 登录号 | 条形码 | 馆藏地/架位号 | 状态 | 备注 |
| 1 | 1230628 | 212306280 | 第一样本阅览室/ [索取号:G649.299/1426] | 在馆 | |
| 2 | 1230629 | 212306299 | 教育系资料室/ [索取号:G649.299/1426] | 在馆 | |
| 3 | 1230630 | 212306306 | 教育系资料室/ [索取号:G649.299/1426] | 在馆 | |
| 4 | 1230631 | 212306315 | 第四借阅区/ [索取号:G649.299/1426] | 在馆 |